| 000 | 00494nam a22001697a 4500 | ||
|---|---|---|---|
| 003 | NUST - PNEC | ||
| 005 | 20170116181019.0 | ||
| 008 | 150915b xxu||||| |||| 00| 0 eng d | ||
| 020 | _a0201500221 | ||
| 040 | _cLIBRARY | ||
| 082 | _a621.395 SMI | ||
| 100 |
_910557 _aSmith, Michael John Sebastian |
||
| 245 |
_aApplication specific integrated circuits _cMichael John Sebastian Smith |
||
| 260 | _cc.1997 | ||
| 650 |
_910560 _aApplication-specific integrated circuits _xEE |
||
| 942 |
_2ddc _cBK |
||
| 999 |
_c67346 _d67346 |
||